| 000 | 00658nam a2200229Ia 4500 | ||
|---|---|---|---|
| 003 | OSt | ||
| 005 | 20221007063941.0 | ||
| 006 | a|||||r|||| 00| 0 | ||
| 007 | ta | ||
| 008 | 221006b |||||||| |||| 00| 0 eng d | ||
| 024 | _a11,692 | ||
| 037 | _cTextual | ||
| 040 |
_aFLL _cFLL _beng |
||
| 041 |
_2eng _aeng |
||
| 082 | _aD65,8(B):71:(Z), P6 | ||
| 100 |
_aSchwabach Aaron _9684983 |
||
| 245 | 0 | _aInternet and the law technology, society and compromises | |
| 260 |
_aCalifornia _bABC-CLIO Inc. U.S.A. _c2006 |
||
| 300 |
_axxxi,395p _ccm. |
||
| 942 |
_hD65,8(B):71:(Z), P6 _cTEXL _2CC |
||
| 999 |
_c1132622 _d1132622 |
||